banner koha

Macronutrient dynamics in leaves and bunches of black pepper (Registro n. 299058)

MARC details
000 -LÍDER
fixed length control field 03829nab a2200337 i 4500
003 - CÓDIGO MARC DA AGÊNCIA CATALOGADORA
Campo de controle BR-BrBNA
005 - DATA E HORA DA ÚLTIMA ATUALIZAÇÃO
Campo de controle 20240404103443.0
008 - CAMPO DE TAMANHO FIXO
fixed length control field 240404b2020 bl.ar|pooa||| 00| 0 eng |
040 ## - FONTE DA CATALOGAÇÃO
Agência catalogadora BR-BrBNA
Idioma da catalogação eng
072 ## - CATEGORIA AGRIS
Código AGRIS F61
Código do objeto 2320
072 ## - CATEGORIA AGRIS
Código AGRIS F04
100 ## - ENTRADA PRINCIPAL - NOME PESSOAL
Nome pessoal Dalazen, Jéssica Rodrigues
100 ## - ENTRADA PRINCIPAL - NOME PESSOAL
Nome pessoal Gontijo, Ivoney
100 ## - ENTRADA PRINCIPAL - NOME PESSOAL
Nome pessoal Paye, Henrique de Sá
100 ## - ENTRADA PRINCIPAL - NOME PESSOAL
Nome pessoal Valani, Gustavo Pereira
100 ## - ENTRADA PRINCIPAL - NOME PESSOAL
Nome pessoal Tomaz, Marcelo Antonio
100 ## - ENTRADA PRINCIPAL - NOME PESSOAL
Nome pessoal Partelli, Fábio Luiz
245 ## - TÍTULO PRINCIPAL
Título principal Macronutrient dynamics in leaves and bunches of black pepper
500 ## - NOTA GERAL
Nota geral <br/>Publicação on-line; 35 ref.; 5 illus.; Summaries (En, Pt)
942 ## - ADDED ENTRY ELEMENTS (KOHA)
Koha item type
520 ## - NOTA DE RESUMO
Nota de conteúdo <br/><br/><br/>Abstract ‒ The objective of this work was to determine the macronutrient<br/>dynamics in leaves and bunches of black pepper (Piper nigrum) throughout<br/>the plant reproductive cycles. The experiment was carried out in a commercial<br/>field of 'Bragantina' black pepper. Leaves and bunches were sampled every 21<br/>days for one year, during two crop cycles. The bunches were sampled from the<br/>twenty eighth day after the appearance of inflorescences until the complete<br/>fruit maturation. Samples of leaves and bunches were dried, and the contents<br/>of N, P, K, Ca, Mg, and S were determined. N, K, and Ca were the most<br/>common macronutrients found in the bunches and leaves of black pepper. The<br/>accumulation of dry matter in the bunches was similar for both cycles and it<br/>was adjusted to the linear and quadratic models. The accumulation and content<br/>of macronutrients followed the dry matter behavior trend. Macronutrient<br/>contents in leaves oscillate during the year, and K and Mg vary more than N,<br/>P, Ca, and S. The macronutrient contents in black pepper leaves and bunches<br/>depends on the plant vegetative stage, and this variation should be considered<br/>in the planning of the fertilization management.<br/><br/><br/>Index terms: Piper nigrum, Bragantina cultivar, fertilization, reproductive<br/>cycle.
520 ## - NOTA DE RESUMO
Nota de conteúdo <br/><br/><br/>Resumo – O objetivo deste trabalho foi determinar a dinâmica de<br/>macronutrientes em folhas e cachos de pimenta-do-reino (Piper nigrum), ao<br/>longo dos ciclos reprodutivos da planta. O experimento foi realizado em uma<br/>lavoura comercial de pimenta-do-reino 'Bragantina'. Folhas e cachos foram<br/>amostrados a cada 21 dias, por um ano, durante dois ciclos de cultivo. Os<br/>cachos foram amostrados desde o vigésimo oitavo dia após o lançamento<br/>das inflorescências até a maturação completa dos frutos. As amostras de<br/>folhas e cachos foram secas, e os conteúdos de N, P, K, Ca, Mg e S foram<br/>determinados. N, K e Ca foram os macronutrientes mais comuns nos cachos<br/>e nas folhas de pimenta-do-reino. O acúmulo de matéria seca nos cachos de<br/>pimenta-do-reino foi similar nos dois ciclos e foi ajustado aos modelos linear e<br/>quadrático. O acúmulo e o conteúdo de macronutrientes seguiram a tendência<br/>de comportamento da matéria seca. O conteúdo de macronutrientes nas folhas<br/>oscila durante o ano, e K e Mg variam mais do que N, P, Ca e S. O conteúdo de<br/>macronutrientes em folhas e cachos de pimenta-do-reino depende do estádio<br/>vegetativo da planta, e essa variação deve ser considerada no planejamento do<br/>manejo de adubação.<br/><br/><br/>Termos para indexação: Piper nigrum, cultivar Bragantina, fertilização,<br/>ciclo reprodutivo.
650 ## - ASSUNTO - THESAGRO
Cabeçalho tópico ou nome geográfico PIMENTA DO REINO
650 ## - ASSUNTO - THESAGRO
Cabeçalho tópico ou nome geográfico FOLHA
650 ## - ASSUNTO - THESAGRO
Cabeçalho tópico ou nome geográfico MACROELEMENTO
650 ## - ASSUNTO - THESAGRO
Cabeçalho tópico ou nome geográfico CICLO REPRODUTIVO
650 ## - ASSUNTO - THESAGRO
Cabeçalho tópico ou nome geográfico FERTILIFADE DO SOLO
773 0# - ENTRADA ANALÍTICA
Host Biblionumber 920
Registro do item 25800
Imprenta Brasília-DF Empresa Brasileira de Pesquisa Agropecuária - EMBRAPA 1966-
Outro identificador 2023-436355
Título Pesquisa Agropecuária Brasileira (Brazil)
ISSN 0100-204X
Colação v. 55 p. 1-11; (2020)
Número de controle de registro BR2024000281
856 ## - ACESSO E ENDEREÇO ELETRÔNICO
Identificador uniforme de recurso - URI https://www.scielo.br/j/pab/a/kK495GPqD7xGThxScRJbtwk/?format=pdf&lang=en

Nenhum exemplar disponível.

BINAGRI

Telefone: (61)3218-2567/2388/3357/2097 - binagri@agro.gov.br

Ministério da Agricultura e Pecuária , Esplanada dos Ministérios, Bloco D, Anexo B, Brasília/DF, CEP: 70.043-900